LEADER 01336nam 2200361Ia 450 001 9910698838103321 005 20090521132855.0 035 $a(CKB)5470000002397486 035 $a(OCoLC)334756624 035 $a(EXLCZ)995470000002397486 100 $a20090521d2004 ua 0 101 0 $aeng 135 $auran||||||||| 181 $ctxt$2rdacontent 182 $cc$2rdamedia 183 $acr$2rdacarrier 200 00$aGuidance for industry$b[electronic resource] $eFDA review of vaccine labeling requirements for warnings, use instructions, and precautionary information 210 1$aRockville, MD :$cU.S. Dept. of Health and Human Services, Food and Drug Administration, Center for Biologics Evaluation and Research,$d[2004] 215 $ai, 6 pages $cdigital, PDF file 300 $aTitle from PDF title page (viewed on May 21, 2009). 300 $a"September 2004". 517 $aGuidance for industry 606 $aWarning labels$zUnited States 606 $aVaccines$xLabeling$xGovernment policy$zUnited States 615 0$aWarning labels 615 0$aVaccines$xLabeling$xGovernment policy 712 02$aCenter for Biologics Evaluation and Research (U.S.) 801 0$bGPO 801 1$bGPO 906 $aBOOK 912 $a9910698838103321 996 $aGuidance for industry$93434577 997 $aUNINA